000 00545nam a2200157Ia 4500
005 20250923145118.0
008 008 250917s9999 xx 000 0 eng d
037 _aTextual
040 _aDSWL
_beng
_cDSWL
041 _aeng
_2eng
084 _aY:411(Z,95984)'N6st, N65
_qDSWL
245 0 _aReport of the study team on prohibition , Vol-II
_cby Planning Commission, India
260 _aNew Delhi
_b Govt of India, Planning Commission,
_c1964
942 _cTEXL
_hY:411(Z,95984)'N6st, N65
999 _c1447243
_d1447243